000 01538cam a22004814i 4500
003 PE-LiUPU
005 20250731173451.0
008 150616s1994 tnu r 000 0 eng d
020 _a0899576656
035 _a(Sirsi) i9780899576657
040 _aPE-LiUPU
_bspa
_cPE-LiUPU
_dPE-LiUPU
_erda
049 _aPRUA
082 0 4 _a220.5
_bB16
_221
100 1 _aBaker, Warren,
_eautor.
245 1 4 _aThe Complete Word Study Old Testament /
_cWarren Baker.
264 1 _aChattanooga, TN. :
_bAMG Publishers,
_c1994.
300 _a2482 páginas ;
_c23 centímetros.
336 _atext
_2rdacontent
337 _aunmediated
_2rdamedia
338 _avolume
_2rdacarrier
490 0 _aWord Study Series
505 0 _aThe Old Testament.
526 _aSEG42
526 _aSEG41
526 _aSEG40
526 _aSEG39
526 _aP94
526 _aP87
526 _aP86
526 _aP85
526 _aP77
526 _aP76
526 _aP35
630 _aBiblia.
_pA.T.
_vConcordancias.
650 0 4 _aHebreo
_vDiccionarios
_xInglés.
910 _ajck
_bjvq
_cjck
942 _2ddc
_cBOOK
949 _a220.5 B16
_wDEWEY
_c1
_i39849
_lCCODEBUL1
_mBUL
_r0
_sY
_tBOOK
_u2015-6-16
_xTEOLOGIA
_zUNKNOWN
_0COMPRA
_o.STAFF. Colección General
994 _aC0
_bPEPRU
596 _a1
999 _a220.5 B16
_wDEWEY
_c57622
_i39849
_d57622
_f2021-11-9
_g5
_lCCODEBUL1
_mBUL
_p41.34
_q1
_r0
_sY
_tBOOK
_u2015-6-16
_xTEOLOGIA
_PP35
_0COMPRA
_o.STAFF. Colección Teología
980 _81
_gALBERTO SANCHEZ Responsable de Automatización